|
|
|
|
| LEADER |
00000nam0a2200000 4500 |
| 001 |
55222 |
| 005 |
20231101211532.0 |
| 035 |
|
|
|a (RuTPU)RU\TPU\book\57948
|
| 090 |
|
|
|a 55222
|
| 100 |
|
|
|a 20030909d2002 m y0rusy50 ca
|
| 101 |
0 |
|
|a rus
|
| 102 |
|
|
|a RU
|
| 105 |
|
|
|a a j 001zy
|
| 200 |
1 |
|
|a Оборудование для добычи нефти
|e учебное пособие
|f В. Г. Крец, Л. А. Саруев
|g Томский политехнический университет (ТПУ)
|
| 210 |
|
|
|a Томск
|c Изд-во ТПУ
|d 2002
|
| 215 |
|
|
|a 120 с.
|c ил.
|
| 320 |
|
|
|a Библиогр.: с. 86.
|
| 606 |
1 |
|
|a Нефтепромысловое оборудование
|x Эксплуатация
|2 stltpush
|3 (RuTPU)RU\TPU\subj\45830
|9 65021
|
| 610 |
1 |
|
|a горное дело
|
| 610 |
1 |
|
|a нефть
|
| 610 |
1 |
|
|a добыча
|
| 610 |
1 |
|
|a оборудование
|
| 610 |
1 |
|
|a трубы
|
| 610 |
1 |
|
|a насосные установки
|
| 610 |
1 |
|
|a газлифтные скважины
|
| 610 |
1 |
|
|a учебные пособия
|
| 610 |
1 |
|
|a труды учёных ТПУ
|
| 675 |
|
|
|a 622.276.05(075.8)
|v 3
|
| 700 |
|
1 |
|a Крец
|b В. Г.
|c специалист в области нефтегазового дела
|c доцент Томского политехнического университета, кандидат технических наук
|f 1942-
|g Виктор Георгиевич
|2 stltpush
|3 (RuTPU)RU\TPU\pers\26131
|
| 701 |
|
1 |
|a Саруев
|b Л. А.
|c горный инженер
|c профессор Томского политехнического университета, доктор технических наук
|f 1940-
|g Лев Алексеевич
|2 stltpush
|3 (RuTPU)RU\TPU\pers\19862
|
| 712 |
0 |
2 |
|a Томский политехнический университет (ТПУ)
|c (1991-2009)
|2 stltpush
|3 (RuTPU)RU\TPU\col\376
|
| 801 |
|
1 |
|a RU
|b 63413507
|c 20030909
|g PSBO
|
| 801 |
|
2 |
|a RU
|b 63413507
|c 20160603
|g PSBO
|
| 942 |
|
|
|c BK
|